Statistics for Premier League - Multiple Choice (PART 2)

Click here to take the quiz!

General Stats

  • This quiz has been taken 28 times
    (19 since last reset)
  • The average score is 10 of 16

Answer Stats

QuestionAnswer% Correct
Which team has the highest point tally in a Premier League season?Manchester City
94%
Which team has scored the most goals in a Premier league season?Manchester City
89%
Which team has the lowest point tally in a Premier League season?Derby County
83%
Which team has been relegated from the Premier League the most amount of times?Norwich
83%
Which one of these Swedish players has NEVER won a Premier League?Zlatan Ibrahimović
83%
What Chelsea player did Luis Suárez bite back in 2013 to warrant him a 10 game ban?Branislav Ivanović
72%
What were the odds of Leicester City winning the Premier League at the start of the 2015/16 season?5000/1
67%
Which team has conceded the least goals in a Premier league season?Chelsea
61%
Who has scored the fastest goal in Premier League history?Shane Long
61%
Which one of these Ghanaian players has NEVER won a Premier League?Christian Atsu
56%
Which team has the highest goal difference in a Premier League season?Manchester City
56%
Who has scored the most own goals in Premier League histroy?Richard Dunne
56%
Who is the youngest scorer in Premier League history?James Vaughan
50%
Which one of these clubs has spent more than one season in the Premier League?Bradford City
44%
Who is the only player to score for 7 teams in the Premier League?Craig Bellamy
33%
Who was the first manager to ever be sacked in the Premier League?Ian Porterfield
33%

Score Distribution

Percentile by Number Answered

Percent of People with Each Score

Your Score History

You have not taken this quiz since the last reset